Pays mystère #6 - Statistiques

Statistiques générales
  • Ce quiz a été pris 176 fois
  • Le résultat moyen est 5 sur 5
Statistiques - réponses
Nombres de pays Indice Pays % Correct
80 Avec une étoile dans son drapeau. Algérie | Angola | Antigua-et-Barbuda | Australie | Azerbaïdjan | Bahamas | Bahreïn | Birmanie | Myanmar| Bosnie-Herzégovine | Brésil | Burkina Faso | Burundi | Cameroun | Cap-Vert | Chili | Chine | Comores | Corée du Nord | Cuba | Djibouti | Dominique | Égypte | États-Unis | Éthiopie | Ghana | Grenade | Guinée-Bissau | Guinée équatoriale | Guyana | Honduras | Irak | Israël | Jordanie | Kazakhstan | Kirghizistan | Kosovo | Laos | Liberia | Libye | Malawi | Malaisie | Maroc | Mauritanie | Micronésie | Mozambique | Namibie | Nauru | Népal | Nouvelle-Zélande | Ouzbékistan | Pakistan | Panama | Papouasie-Nouvelle-Guinée | Philippines | République centrafricaine | République démocratique du Congo | Saint-Christophe-et-Niévès | Sainte-Lucie | Salomon | Samoa | Sao Tomé-et-Principe | Sénégal | Seychelles | Singapour | Somalie | Soudan | Soudan du Sud | Suriname | Syrie | Tadjikistan | Tchad | Togo | Tunisie | Turkménistan | Turquie | Tuvalu | Uruguay | Venezuela | Vietnam | Zimbabwe
100%
65 ... et du rouge. Algérie | Angola | Antigua-et-Barbuda | Australie | Azerbaïdjan | Birmanie (Myanmar) | Bosnie-Herzégovine | Burkina Faso | Burundi | Cameroun | Cap-Vert | Chili | Chine | Comores | Corée du Nord | Cuba | Djibouti | Dominique | Égypte | États-Unis | Éthiopie | Ghana | Grenade | Guinée-Bissau | Guinée équatoriale | Honduras | Irak | Jordanie | Kirghizistan | Laos | Liberia | Libye | Malawi | Malaisie | Maroc | Mozambique | Namibie | Népal | Nouvelle-Zélande | Ouzbékistan | Panama | Papouasie-Nouvelle-Guinée | Philippines | République centrafricaine | République démocratique du Congo | Saint-Christophe-et-Niévès | Samoa | Sao Tomé-et-Principe | Sénégal | Seychelles | Singapour | Soudan | Soudan du Sud | Suriname | Syrie | Tadjikistan | Tchad | Togo | Tunisie | Turkménistan | Turquie | Tuvalu | Venezuela | Vietnam | Zimbabw
100%
29 Se situent en Afrqiue Algérie | Angola | Burkina Faso | Burundi | Cameroun | Cap-Vert | Comores | Djibouti | Égypte | Éthiopie | Ghana | Guinée-Bissau | Guinée équatoriale | Libye | Malawi | Maroc | Mozambique | Namibie | République centrafricaine | République démocratique du Congo | Sao Tomé-et-Principe | Sénégal | Seychelles | Soudan | Soudan du Sud | Tchad | Togo | Tunisie | Zimba
99%
4 appartiennent au Maghreb arabe Algérie | Libye | Maroc | Tunisie
99%
1 N'est pas frontaliers avec la Tunisie. Maroc
95%
Aucun quiz correspondant
Distribution des résultats
% des personnes avec chaque résultat
Percentile par nombre de réponses
Votre historique - résultats
Vous n’avez pas pris ce quiz